000 01022nam a2200229Ii 4500
003 JO-AjNU
008 230605s9999||||xx |||||||||||||| ||und||
017 _a2011/6/2490
020 _a978-9957-89-034-6
040 _aJO-AjNU
_bara
_erda
_cJO-AjNU
041 _aara
050 1 4 _aK1054.B266.2011
100 3 _a محمد بني مقداد ، محمد علي ,
_eauthor
_931920
245 0 0 _aالاوراق التجارية / سند السحب السند لأمر ( الكمبيالة ) الشيك في ضوء قانون التجارة الاردني " دراسة مقارنة "
250 _aط1
264 3 1 _aاربد : مؤسسة حمادة ، 2011 / عمان : دار اليازوري ، 2011
300 _a400ص
336 _atext
_btxt
_2rdacontent
337 _aunmediated
_bn
_2rdamedia
338 _avolume
_bnc
_2rdacarrier
650 4 _aالاوراق التجارة -- قوانين وتشريعات --الاردن -- البنوك -- قوانين وتشريعات -- القانون المقارن
_931921
999 _aA12822
_c16390
_d16390